| 000 | 00392cam a2200145ua 4500 | ||
|---|---|---|---|
| 041 |
_aeng _h |
||
| 082 |
_a574.192 _bBAL/IN |
||
| 100 | _aBaldwin, Ernest . | ||
| 245 |
_aIntroduction to comparative biochemistry / _cErnest Baldwin. _hTextual Documents |
||
| 260 |
_aCambridge : _bCambridge University Press , _c1964. |
||
| 300 | _a179 ; . | ||
| 504 | _a | ||
| 942 | _cBK | ||
| 999 |
_c9282 _d9282 |
||